Value Addition And Processing in Agri-Horti Based Production Systems Adopted In Watershed Areas (Record no. 3097)

MARC details
000 -LEADER
fixed length control field 00371nam a22001217a 4500
041 ## - LANGUAGE CODE
Language code of text/sound track or separate title ENG
100 ## - MAIN ENTRY--PERSONAL NAME
Personal name Rokhade.A.K
245 ## - TITLE STATEMENT
Title Value Addition And Processing in Agri-Horti Based Production Systems Adopted In Watershed Areas
260 ## - PUBLICATION, DISTRIBUTION, ETC. (IMPRINT)
Place of publication, distribution, etc Dharwad.
Name of publisher, distributor, etc University of Agricultural Sciences
Date of publication, distribution, etc 2003
300 ## - PHYSICAL DESCRIPTION
Extent 50
650 ## - SUBJECT ADDED ENTRY--TOPICAL TERM
Topical term or geographic name as entry element Agricultural (19)
856 ## - ELECTRONIC LOCATION AND ACCESS
Uniform Resource Identifier Agricultural (19)
Holdings
Withdrawn status Lost status Source of classification or shelving scheme Damaged status Not for loan Home library Current library Shelving location Date acquired Total Checkouts Barcode Date last seen Price effective from Koha item type
    Dewey Decimal Classification     College of Agricultural Engineering and Technology, Dapoli , Library College of Agricultural Engineering and Technology, Dapoli , Library Book Cart 16/12/2021   G01111 16/12/2021 16/12/2021 Books

Contact Us: College of Agricultural Engineering and Technology, Dapoli, Dist.- Ratnagiri
Website: https://dbskkv.org Email: caetlibrary2015@gmail.com